[Event "Deutsche Ländermeisterschaft 2025"]
[Site "Oer-Erkenschwick GER"]
[Date "2025.10.04"]
[Round "6"]
[White "Dotschuweit, Erik"]
[Black "Reich, Elisabeth"]
[Result "1/2-1/2"]
[Termination "normal"]
[Board "2.5"]
[WhiteElo "1733"]
[BlackElo "1894"]
[WhiteClock "00:04:46"]
[BlackClock "00:13:17"]
[WhiteTeam "Sachsen"]
[BlackTeam "Bayern"]
[PlyCount "112"]
[WhiteFideId "34610146"]
[BlackFideId "16239776"]
[EventCountry "GER"]
[EventRounds "7"]
[EventType "team-swiss"]
[EventDate "2025.09.30"]

1. d4 {[%clk 01:30:57]} {[%emt 00:00:02]} f5 {[%clk 01:30:55]} {[%emt
00:00:06]} 2. Bg5 {[%clk 01:28:58]} {[%emt 00:02:28]} Nf6 {[%clk 01:31:17]}
{[%emt 00:00:08]} 3. Bxf6 {[%clk 01:28:41]} {[%emt 00:00:47]} exf6 {[%clk
01:31:45]} {[%emt 00:00:02]} 4. e3 {[%clk 01:27:42]} {[%emt 00:01:29]} d5
{[%clk 01:25:43]} {[%emt 00:06:32]} 5. c4 {[%clk 01:24:41]} {[%emt 00:03:31]}
Bb4+ {[%clk 01:20:44]} {[%emt 00:05:30]} 6. Nc3 {[%clk 01:20:44]} {[%emt
00:04:27]} O-O {[%clk 01:13:21]} {[%emt 00:07:52]} 7. Qb3 {[%clk 01:19:46]}
{[%emt 00:01:28]} Bxc3+ {[%clk 01:13:44]} {[%emt 00:00:07]} 8. bxc3 {[%clk
01:19:52]} {[%emt 00:00:25]} dxc4 {[%clk 01:09:54]} {[%emt 00:04:20]} 9. Bxc4+
{[%clk 01:20:07]} {[%emt 00:00:14]} Kh8 {[%clk 01:10:20]} {[%emt 00:00:04]} 10.
Ne2 {[%clk 01:19:57]} {[%emt 00:00:41]} Nc6 {[%clk 01:03:10]} {[%emt 00:07:40]}
11. Bd3 {[%clk 01:07:05]} {[%emt 00:13:22]} Re8 {[%clk 00:54:24]} {[%emt
00:09:15]} 12. O-O {[%clk 01:03:14]} {[%emt 00:04:22]} Rb8 {[%clk 00:51:42]}
{[%emt 00:03:12]} 13. Qb1 {[%clk 00:57:57]} {[%emt 00:05:47]} g6 {[%clk
00:49:20]} {[%emt 00:02:53]} 14. h4 {[%clk 00:54:56]} {[%emt 00:03:31]} Ne7
{[%clk 00:46:07]} {[%emt 00:03:42]} 15. Qb3 {[%clk 00:47:58]} {[%emt 00:07:29]}
Kg7 {[%clk 00:43:26]} {[%emt 00:03:11]} 16. Nf4 {[%clk 00:46:29]} {[%emt
00:02:00]} c6 {[%clk 00:35:51]} {[%emt 00:08:04]} 17. Bc4 {[%clk 00:41:51]}
{[%emt 00:05:08]} Qd6 {[%clk 00:30:18]} {[%emt 00:06:00]} 18. Rfe1 {[%clk
00:33:40]} {[%emt 00:08:44]} Ng8 {[%clk 00:26:21]} {[%emt 00:04:26]} 19. Bf7
{[%clk 00:31:16]} {[%emt 00:02:55]} Rf8 {[%clk 00:25:26]} {[%emt 00:01:24]} 20.
Be6 {[%clk 00:29:36]} {[%emt 00:02:10]} Nh6 {[%clk 00:24:02]} {[%emt 00:01:55]}
21. Bxc8 {[%clk 00:28:33]} {[%emt 00:01:33]} Rfxc8 {[%clk 00:24:31]} {[%emt
00:00:02]} 22. c4 {[%clk 00:28:21]} {[%emt 00:00:42]} Re8 {[%clk 00:21:42]}
{[%emt 00:03:18]} 23. c5 {[%clk 00:28:23]} {[%emt 00:00:30]} Qe7 {[%clk
00:21:04]} {[%emt 00:01:02]} 24. Rad1 {[%clk 00:27:41]} {[%emt 00:01:17]} g5
{[%clk 00:19:54]} {[%emt 00:01:40]} 25. Nd3 {[%clk 00:26:14]} {[%emt 00:01:57]}
Nf7 {[%clk 00:18:48]} {[%emt 00:01:35]} 26. Qb2 {[%clk 00:24:34]} {[%emt
00:02:11]} h6 {[%clk 00:17:21]} {[%emt 00:01:56]} 27. Qe2 {[%clk 00:23:24]}
{[%emt 00:01:40]} Qe4 {[%clk 00:15:33]} {[%emt 00:02:12]} 28. g3 {[%clk
00:18:44]} {[%emt 00:05:16]} Rg8 {[%clk 00:13:38]} {[%emt 00:02:25]} 29. f3
{[%clk 00:18:27]} {[%emt 00:00:47]} Qe7 {[%clk 00:13:33]} {[%emt 00:00:31]} 30.
h5 {[%clk 00:17:21]} {[%emt 00:01:39]} Rbe8 {[%clk 00:13:04]} {[%emt 00:00:59]}
31. Kf2 {[%clk 00:16:15]} {[%emt 00:01:38]} Nd8 {[%clk 00:11:38]} {[%emt
00:01:55]} 32. f4 {[%clk 00:15:02]} {[%emt 00:01:43]} g4 {[%clk 00:11:19]}
{[%emt 00:00:49]} 33. Nb2 {[%clk 00:13:17]} {[%emt 00:02:16]} Qf7 {[%clk
00:09:26]} {[%emt 00:02:22]} 34. Nc4 {[%clk 00:12:39]} {[%emt 00:01:09]} Qe6
{[%clk 00:08:05]} {[%emt 00:01:49]} 35. Nd6 {[%clk 00:12:03]} {[%emt 00:01:08]}
Nf7 {[%clk 00:04:59]} {[%emt 00:03:36]} 36. Nxe8+ {[%clk 00:11:36]} {[%emt
00:00:57]} Rxe8 {[%clk 00:05:27]} {[%emt 00:00:02]} 37. Rb1 {[%clk 00:10:49]}
{[%emt 00:01:17]} Re7 {[%clk 00:05:46]} {[%emt 00:00:11]} 38. Rb3 {[%clk
00:09:39]} {[%emt 00:01:41]} Qe4 {[%clk 00:05:16]} {[%emt 00:00:56]} 39. Kg1
{[%clk 00:09:11]} {[%emt 00:01:00]} Nd8 {[%clk 00:05:13]} {[%emt 00:00:33]} 40.
Qg2 {[%clk 00:09:06]} {[%emt 00:00:35]} Qe6 {[%clk 00:05:17]} {[%emt 00:00:25]}
41. Rd3 {[%clk 00:05:48]} {[%emt 00:03:49]} Qc4 {[%clk 00:02:38]} {[%emt
00:03:08]} 42. Rd2 {[%clk 00:02:22]} {[%emt 00:03:58]} Re4 {[%clk 00:30:18]}
{[%emt 00:02:47]} 43. Qf1 {[%clk 00:29:40]} {[%emt 00:03:13]} Qd5 {[%clk
00:29:51]} {[%emt 00:00:54]} 44. Qd3 {[%clk 00:29:01]} {[%emt 00:01:13]} Re7
{[%clk 00:29:17]} {[%emt 00:00:59]} 45. Rf2 {[%clk 00:25:34]} {[%emt 00:04:01]}
Re4 {[%clk 00:26:48]} {[%emt 00:02:59]} 46. Qb3 {[%clk 00:25:09]} {[%emt
00:00:55]} Qd7 {[%clk 00:27:02]} {[%emt 00:00:14]} 47. Rd2 {[%clk 00:24:19]}
{[%emt 00:01:23]} Ne6 {[%clk 00:24:58]} {[%emt 00:02:34]} 48. Kf2 {[%clk
00:22:44]} {[%emt 00:02:04]} Nxc5 {[%clk 00:24:37]} {[%emt 00:00:52]} 49. Qd1
{[%clk 00:16:41]} {[%emt 00:06:33]} Na6 {[%clk 00:22:24]} {[%emt 00:02:42]} 50.
d5 {[%clk 00:16:28]} {[%emt 00:00:45]} c5 {[%clk 00:22:37]} {[%emt 00:00:16]}
51. d6 {[%clk 00:16:33]} {[%emt 00:00:26]} c4 {[%clk 00:20:47]} {[%emt
00:02:20]} 52. Rd4 {[%clk 00:16:34]} {[%emt 00:00:29]} Nc5 {[%clk 00:20:46]}
{[%emt 00:00:29]} 53. Rxe4 {[%clk 00:04:54]} {[%emt 00:12:12]} Nxe4+ {[%clk
00:17:46]} {[%emt 00:03:30]} 54. Kg2 {[%clk 00:04:53]} {[%emt 00:00:31]} Qc6
{[%clk 00:16:05]} {[%emt 00:02:10]} 55. d7 {[%clk 00:04:42]} {[%emt 00:00:41]}
Nc5+ {[%clk 00:16:31]} {[%emt 00:00:03]} 56. Kh2 {[%clk 00:04:46]} {[%emt
00:00:27]} Nxd7 {[%clk 00:13:17]} {[%emt 00:03:44]} 1/2-1/2

[Event "Deutsche Ländermeisterschaft 2025"]
[Site "Oer-Erkenschwick GER"]
[Date "2025.10.04"]
[Round "6"]
[White "Ranganathan, Aadith"]
[Black "Mai, Mariella"]
[Result "1/2-1/2"]
[Termination "normal"]
[Board "2.6"]
[WhiteElo "1923"]
[BlackElo "1748"]
[WhiteClock "00:25:44"]
[BlackClock "00:01:18"]
[WhiteTeam "Bayern"]
[BlackTeam "Sachsen"]
[PlyCount "80"]
[WhiteFideId "34667121"]
[BlackFideId "16281780"]
[EventCountry "GER"]
[EventRounds "7"]
[EventType "team-swiss"]
[EventDate "2025.09.30"]

1. e4 {[%clk 01:30:54]} {[%emt 00:00:05]} c6 {[%clk 01:30:29]} {[%emt
00:00:31]} 2. d4 {[%clk 01:31:17]} {[%emt 00:00:08]} d5 {[%clk 01:30:34]}
{[%emt 00:00:24]} 3. exd5 {[%clk 01:31:20]} {[%emt 00:00:27]} cxd5 {[%clk
01:30:44]} {[%emt 00:00:20]} 4. Bd3 {[%clk 01:31:42]} {[%emt 00:00:08]} Nc6
{[%clk 01:30:38]} {[%emt 00:00:36]} 5. c3 {[%clk 01:31:34]} {[%emt 00:00:39]}
Nf6 {[%clk 01:30:42]} {[%emt 00:00:26]} 6. h3 {[%clk 01:31:58]} {[%emt
00:00:07]} g6 {[%clk 01:30:44]} {[%emt 00:00:27]} 7. Nf3 {[%clk 01:31:49]}
{[%emt 00:00:38]} Bg7 {[%clk 01:30:51]} {[%emt 00:00:23]} 8. O-O {[%clk
01:32:03]} {[%emt 00:00:17]} O-O {[%clk 01:31:00]} {[%emt 00:00:21]} 9. Bf4
{[%clk 01:31:14]} {[%emt 00:01:19]} Bf5 {[%clk 01:31:07]} {[%emt 00:00:22]} 10.
Re1 {[%clk 01:29:56]} {[%emt 00:01:48]} Bxd3 {[%clk 01:26:16]} {[%emt
00:05:22]} 11. Qxd3 {[%clk 01:30:15]} {[%emt 00:00:10]} a6 {[%clk 01:25:06]}
{[%emt 00:01:41]} 12. Nbd2 {[%clk 01:27:40]} {[%emt 00:03:05]} Re8 {[%clk
01:20:08]} {[%emt 00:05:27]} 13. Ne5 {[%clk 01:24:12]} {[%emt 00:03:58]} Nd7
{[%clk 01:08:36]} {[%emt 00:12:01]} 14. Nxd7 {[%clk 01:22:23]} {[%emt
00:02:20]} Qxd7 {[%clk 01:08:57]} {[%emt 00:00:09]} 15. Nb3 {[%clk 01:22:01]}
{[%emt 00:00:52]} b6 {[%clk 01:08:18]} {[%emt 00:01:09]} 16. Rad1 {[%clk
01:21:34]} {[%emt 00:00:58]} e6 {[%clk 01:01:15]} {[%emt 00:07:33]} 17. Qd2
{[%clk 01:17:52]} {[%emt 00:04:12]} Ne7 {[%clk 00:58:34]} {[%emt 00:03:10]} 18.
Nc1 {[%clk 01:16:30]} {[%emt 00:01:52]} Nf5 {[%clk 00:55:36]} {[%emt 00:03:28]}
19. Nd3 {[%clk 01:12:07]} {[%emt 00:04:53]} Nd6 {[%clk 00:53:55]} {[%emt
00:02:10]} 20. Bxd6 {[%clk 01:09:47]} {[%emt 00:02:52]} Qxd6 {[%clk 00:54:12]}
{[%emt 00:00:12]} 21. a3 {[%clk 01:05:26]} {[%emt 00:04:53]} Rac8 {[%clk
00:49:03]} {[%emt 00:05:38]} 22. Re2 {[%clk 01:03:06]} {[%emt 00:02:51]} a5
{[%clk 00:46:16]} {[%emt 00:03:16]} 23. Rde1 {[%clk 00:59:03]} {[%emt
00:04:34]} Rc7 {[%clk 00:42:06]} {[%emt 00:04:40]} 24. Ne5 {[%clk 00:50:16]}
{[%emt 00:09:17]} Rb7 {[%clk 00:24:12]} {[%emt 00:18:23]} 25. Nd3 {[%clk
00:50:06]} {[%emt 00:00:41]} Rc7 {[%clk 00:24:29]} {[%emt 00:00:13]} 26. Qf4
{[%clk 00:48:06]} {[%emt 00:02:29]} Qd8 {[%clk 00:19:45]} {[%emt 00:05:14]} 27.
Qg3 {[%clk 00:45:34]} {[%emt 00:03:02]} Bf8 {[%clk 00:16:01]} {[%emt 00:04:14]}
28. Qf3 {[%clk 00:40:14]} {[%emt 00:05:51]} b5 {[%clk 00:13:55]} {[%emt
00:02:36]} 29. Nf4 {[%clk 00:39:20]} {[%emt 00:01:23]} Ree7 {[%clk 00:11:18]}
{[%emt 00:03:07]} 30. Nd3 {[%clk 00:38:48]} {[%emt 00:01:02]} Re8 {[%clk
00:11:24]} {[%emt 00:00:24]} 31. g3 {[%clk 00:31:17]} {[%emt 00:08:02]} b4
{[%clk 00:07:36]} {[%emt 00:04:19]} 32. axb4 {[%clk 00:31:39]} {[%emt
00:00:07]} axb4 {[%clk 00:07:45]} {[%emt 00:00:21]} 33. Nxb4 {[%clk 00:31:59]}
{[%emt 00:00:11]} Bxb4 {[%clk 00:07:56]} {[%emt 00:00:18]} 34. cxb4 {[%clk
00:32:19]} {[%emt 00:00:10]} Rc4 {[%clk 00:07:56]} {[%emt 00:00:31]} 35. Qe3
{[%clk 00:31:16]} {[%emt 00:01:33]} Rxb4 {[%clk 00:06:20]} {[%emt 00:02:06]}
36. Rd1 {[%clk 00:29:54]} {[%emt 00:01:52]} Qb6 {[%clk 00:05:40]} {[%emt
00:01:09]} 37. Rdd2 {[%clk 00:27:09]} {[%emt 00:03:16]} Rc8 {[%clk 00:04:02]}
{[%emt 00:02:07]} 38. Qe5 {[%clk 00:27:19]} {[%emt 00:00:20]} Qa7 {[%clk
00:02:49]} {[%emt 00:01:43]} 39. Rc2 {[%clk 00:25:40]} {[%emt 00:02:09]} Rbc4
{[%clk 00:02:48]} {[%emt 00:00:31]} 40. Rxc4 {[%clk 00:25:44]} {[%emt
00:00:26]} Rxc4 {[%clk 00:01:18]} {[%emt 00:02:00]} 1/2-1/2

[Event "Deutsche Ländermeisterschaft 2025"]
[Site "Oer-Erkenschwick GER"]
[Date "2025.10.04"]
[Round "6"]
[White "Glotz, Diana"]
[Black "Prokscha, Charlotte"]
[Result "1/2-1/2"]
[Termination "normal"]
[Board "2.7"]
[WhiteElo "1692"]
[BlackElo "1767"]
[WhiteClock "00:23:44"]
[BlackClock "00:14:22"]
[WhiteTeam "Sachsen"]
[BlackTeam "Bayern"]
[PlyCount "59"]
[WhiteFideId "16278500"]
[BlackFideId "34614699"]
[EventCountry "GER"]
[EventRounds "7"]
[EventType "team-swiss"]
[EventDate "2025.09.30"]

1. d4 {[%clk 01:30:43]} {[%emt 00:00:16]} Nf6 {[%clk 01:30:48]} {[%emt
00:00:12]} 2. Nc3 {[%clk 01:30:59]} {[%emt 00:00:14]} d5 {[%clk 01:31:02]}
{[%emt 00:00:16]} 3. Bf4 {[%clk 01:31:18]} {[%emt 00:00:12]} c5 {[%clk
01:30:52]} {[%emt 00:00:40]} 4. dxc5 {[%clk 01:31:08]} {[%emt 00:00:41]} Qa5
{[%clk 01:31:05]} {[%emt 00:00:15]} 5. Qd2 {[%clk 01:29:28]} {[%emt 00:02:11]}
Qxc5 {[%clk 01:27:52]} {[%emt 00:03:43]} 6. e3 {[%clk 01:28:55]} {[%emt
00:01:04]} a6 {[%clk 01:20:28]} {[%emt 00:07:53]} 7. Bd3 {[%clk 01:26:20]}
{[%emt 00:03:05]} b5 {[%clk 01:12:03]} {[%emt 00:08:56]} 8. a3 {[%clk
01:23:16]} {[%emt 00:03:34]} e6 {[%clk 01:11:01]} {[%emt 00:01:30]} 9. Nf3
{[%clk 01:21:02]} {[%emt 00:02:44]} Nc6 {[%clk 01:09:18]} {[%emt 00:02:13]} 10.
O-O {[%clk 01:16:18]} {[%emt 00:05:16]} Be7 {[%clk 01:08:59]} {[%emt 00:00:48]}
11. e4 {[%clk 01:11:58]} {[%emt 00:04:51]} d4 {[%clk 01:02:22]} {[%emt
00:07:06]} 12. Ne2 {[%clk 01:11:40]} {[%emt 00:00:48]} e5 {[%clk 01:00:43]}
{[%emt 00:02:08]} 13. Bg3 {[%clk 01:09:53]} {[%emt 00:02:17]} O-O {[%clk
00:58:23]} {[%emt 00:02:50]} 14. b4 {[%clk 01:08:32]} {[%emt 00:01:52]} Qd6
{[%clk 00:56:40]} {[%emt 00:02:11]} 15. h3 {[%clk 01:06:18]} {[%emt 00:02:46]}
Nd7 {[%clk 00:52:21]} {[%emt 00:04:47]} 16. c3 {[%clk 01:03:28]} {[%emt
00:03:21]} dxc3 {[%clk 00:47:12]} {[%emt 00:05:39]} 17. Nxc3 {[%clk 01:02:57]}
{[%emt 00:01:01]} Rd8 {[%clk 00:38:43]} {[%emt 00:08:58]} 18. Nd5 {[%clk
00:59:53]} {[%emt 00:03:35]} Nf6 {[%clk 00:35:19]} {[%emt 00:03:53]} 19. Nxe7+
{[%clk 00:59:16]} {[%emt 00:01:09]} Qxe7 {[%clk 00:34:05]} {[%emt 00:01:42]}
20. Qe3 {[%clk 00:56:00]} {[%emt 00:03:46]} Nh5 {[%clk 00:25:04]} {[%emt
00:09:29]} 21. Bh2 {[%clk 00:54:34]} {[%emt 00:01:59]} f6 {[%clk 00:20:02]}
{[%emt 00:05:32]} 22. Rfd1 {[%clk 00:52:31]} {[%emt 00:02:33]} g6 {[%clk
00:19:33]} {[%emt 00:00:59]} 23. Rd2 {[%clk 00:50:45]} {[%emt 00:02:16]} Be6
{[%clk 00:17:27]} {[%emt 00:02:34]} 24. Bc2 {[%clk 00:47:30]} {[%emt 00:03:47]}
Rxd2 {[%clk 00:16:27]} {[%emt 00:01:30]} 25. Qxd2 {[%clk 00:45:40]} {[%emt
00:02:20]} Rd8 {[%clk 00:15:55]} {[%emt 00:00:58]} 26. Qe3 {[%clk 00:33:23]}
{[%emt 00:12:50]} Nd4 {[%clk 00:14:47]} {[%emt 00:01:37]} 27. Nxd4 {[%clk
00:30:34]} {[%emt 00:03:20]} Rxd4 {[%clk 00:15:05]} {[%emt 00:00:12]} 28. Rd1
{[%clk 00:30:24]} {[%emt 00:00:41]} Rxd1+ {[%clk 00:14:22]} {[%emt 00:01:13]}
29. Bxd1 {[%emt 00:00:08]} Qd6 {[%emt 00:00:37]} 30. Bb3 {[%clk 00:23:44]}
{[%emt 00:06:24]} 1/2-1/2

[Event "Deutsche Ländermeisterschaft 2025"]
[Site "Oer-Erkenschwick GER"]
[Date "2025.10.04"]
[Round "6"]
[White "Ratushna, Olha"]
[Black "Lange, Lene Marie"]
[Result "1-0"]
[Termination "normal"]
[Board "2.8"]
[WhiteElo "1650"]
[BlackElo "1600"]
[WhiteClock "00:22:04"]
[BlackClock "00:11:49"]
[WhiteTeam "Bayern"]
[BlackTeam "Sachsen"]
[PlyCount "153"]
[WhiteFideId "34172602"]
[BlackFideId "34639748"]
[EventCountry "GER"]
[EventRounds "7"]
[EventType "team-swiss"]
[EventDate "2025.09.30"]

1. e4 {[%clk 01:30:59]} c5 {[%clk 01:30:54]} {[%emt 00:00:06]} 2. c3 {[%clk
01:31:21]} {[%emt 00:00:09]} Nc6 {[%clk 01:31:14]} {[%emt 00:00:10]} 3. d4
{[%clk 01:31:03]} {[%emt 00:00:48]} cxd4 {[%clk 01:31:21]} {[%emt 00:00:23]} 4.
cxd4 {[%clk 01:31:31]} {[%emt 00:00:02]} g6 {[%emt 00:03:28]} 5. Nf3 {[%clk
01:29:36]} {[%emt 00:00:02]} Bg7 {[%clk 01:27:04]} {[%emt 00:04:13]} 6. Be3
{[%clk 01:20:22]} {[%emt 00:09:44]} e6 {[%clk 01:22:09]} {[%emt 00:05:24]} 7.
Nc3 {[%clk 01:18:21]} {[%emt 00:02:31]} Nge7 {[%clk 01:20:17]} {[%emt
00:02:22]} 8. Qd2 {[%clk 01:13:36]} {[%emt 00:05:14]} d5 {[%clk 01:15:52]}
{[%emt 00:04:56]} 9. e5 {[%clk 01:08:29]} {[%emt 00:05:37]} O-O {[%clk
01:09:03]} {[%emt 00:07:19]} 10. Bd3 {[%clk 01:06:59]} {[%emt 00:02:00]} Qb6
{[%clk 00:54:05]} {[%emt 00:15:28]} 11. h4 {[%clk 01:03:09]} {[%emt 00:04:21]}
f6 {[%clk 00:43:52]} {[%emt 00:10:42]} 12. exf6 {[%clk 00:38:11]} {[%emt
00:25:28]} Bxf6 {[%clk 00:43:04]} {[%emt 00:01:18]} 13. Ne2 {[%clk 00:36:51]}
{[%emt 00:01:50]} Qb4 {[%clk 00:38:50]} {[%emt 00:04:43]} 14. Rc1 {[%clk
00:34:39]} {[%emt 00:02:42]} Qxd2+ {[%clk 00:37:03]} {[%emt 00:02:17]} 15. Kxd2
{[%clk 00:34:13]} {[%emt 00:00:56]} Nb4 {[%clk 00:29:54]} {[%emt 00:07:39]} 16.
Bb1 {[%clk 00:30:22]} {[%emt 00:04:21]} Bd7 {[%clk 00:25:31]} {[%emt 00:04:54]}
17. Bh6 {[%clk 00:26:36]} {[%emt 00:04:16]} Rfc8 {[%clk 00:22:35]} {[%emt
00:03:24]} 18. Bg5 {[%clk 00:25:15]} {[%emt 00:01:52]} Rf8 {[%clk 00:21:04]}
{[%emt 00:02:01]} 19. Bh6 {[%clk 00:21:27]} {[%emt 00:04:09]} Rfc8 {[%clk
00:20:32]} {[%emt 00:01:10]} 20. Bf4 {[%clk 00:20:16]} {[%emt 00:01:39]} h5
{[%clk 00:14:13]} {[%emt 00:06:52]} 21. Rxc8+ {[%clk 00:18:18]} {[%emt
00:02:29]} Rxc8 {[%clk 00:14:03]} {[%emt 00:00:39]} 22. Bd6 {[%clk 00:17:53]}
{[%emt 00:00:55]} Nbc6 {[%clk 00:10:38]} {[%emt 00:03:55]} 23. Rc1 {[%clk
00:15:04]} {[%emt 00:03:18]} Nf5 {[%clk 00:09:02]} {[%emt 00:02:07]} 24. Bxf5
{[%clk 00:15:26]} {[%emt 00:00:08]} exf5 {[%clk 00:09:02]} {[%emt 00:00:30]}
25. Kd3 {[%clk 00:11:43]} {[%emt 00:04:13]} Kf7 {[%clk 00:08:41]} {[%emt
00:00:51]} 26. a3 {[%clk 00:04:31]} {[%emt 00:07:42]} Ke6 {[%clk 00:07:51]}
{[%emt 00:01:20]} 27. Bg3 {[%clk 00:05:00]} {[%emt 00:00:01]} Kf7 {[%clk
00:07:52]} {[%emt 00:00:29]} 28. Rc5 {[%clk 00:03:29]} {[%emt 00:02:00]} Ne7
{[%clk 00:06:46]} {[%emt 00:01:37]} 29. Rxc8 {[%clk 00:03:35]} {[%emt
00:00:24]} Bxc8 {[%clk 00:07:13]} {[%emt 00:00:03]} 30. Be5 {[%clk 00:03:43]}
{[%emt 00:00:22]} Nc6 {[%clk 00:07:06]} {[%emt 00:00:38]} 31. Nf4 {[%clk
00:03:54]} {[%emt 00:00:20]} Ne7 {[%clk 00:07:02]} {[%emt 00:00:33]} 32. Bxf6
{[%clk 00:03:26]} {[%emt 00:00:58]} Kxf6 {[%clk 00:07:31]} {[%emt 00:00:02]}
33. Ne5 {[%clk 00:03:43]} {[%emt 00:00:13]} Kg7 {[%clk 00:06:20]} {[%emt
00:01:40]} 34. Kc3 {[%clk 00:03:31]} {[%emt 00:00:42]} a5 {[%clk 00:06:16]}
{[%emt 00:00:33]} 35. b4 {[%clk 00:03:33]} {[%emt 00:00:28]} b6 {[%clk
00:06:10]} {[%emt 00:00:37]} 36. bxa5 {[%clk 00:03:38]} {[%emt 00:00:25]} bxa5
{[%clk 00:06:27]} {[%emt 00:00:12]} 37. Kb3 {[%clk 00:04:05]} {[%emt 00:00:04]}
Kh6 {[%clk 00:03:53]} {[%emt 00:03:05]} 38. Nh3 {[%clk 00:01:59]} {[%emt
00:02:35]} Ba6 {[%clk 00:03:48]} {[%emt 00:00:35]} 39. Ng5 {[%clk 00:01:39]}
{[%emt 00:00:50]} Bf1 {[%clk 00:03:24]} {[%emt 00:00:54]} 40. g3 {[%clk
00:02:02]} {[%emt 00:00:07]} Bb5 {[%clk 00:03:46]} {[%emt 00:00:07]} 41. Ngf7+
{[%clk 00:01:35]} {[%emt 00:00:58]} Kg7 {[%clk 00:03:43]} {[%emt 00:00:33]} 42.
Nd6 {[%clk 00:01:41]} {[%emt 00:00:24]} Bc6 {[%clk 00:00:55]} {[%emt 00:03:18]}
43. Nxc6 {[%clk 00:01:42]} {[%emt 00:00:30]} Nxc6 {[%clk 00:01:13]} {[%emt
00:00:11]} 44. Ka4 {[%clk 00:28:34]} {[%emt 00:03:37]} Nxd4 {[%clk 00:31:09]}
{[%emt 00:00:34]} 45. Kxa5 {[%clk 00:29:01]} {[%emt 00:00:04]} Kf6 {[%clk
00:30:16]} {[%emt 00:01:23]} 46. f4 {[%clk 00:25:43]} {[%emt 00:03:48]} Ne2
{[%clk 00:29:38]} {[%emt 00:01:07]} 47. Kb6 {[%clk 00:24:47]} {[%emt 00:01:24]}
Nxg3 {[%clk 00:29:15]} {[%emt 00:00:56]} 48. a4 {[%clk 00:24:51]} {[%emt
00:00:26]} Ne4 {[%clk 00:28:43]} {[%emt 00:01:02]} 49. Nb5 {[%clk 00:25:06]}
{[%emt 00:00:15]} g5 {[%clk 00:17:38]} {[%emt 00:11:35]} 50. hxg5 {[%clk
00:24:21]} {[%emt 00:01:15]} Nxg5 {[%clk 00:17:34]} {[%emt 00:00:34]} 51. fxg5
{[%clk 00:24:44]} {[%emt 00:00:07]} Kxg5 {[%clk 00:17:59]} {[%emt 00:00:05]}
52. a5 {[%clk 00:25:04]} {[%emt 00:00:11]} h4 {[%clk 00:17:28]} {[%emt
00:01:00]} 53. Nd4 {[%clk 00:23:20]} {[%emt 00:02:14]} Kf4 {[%clk 00:17:24]}
{[%emt 00:00:34]} 54. Ne2+ {[%clk 00:22:13]} {[%emt 00:01:37]} Ke3 {[%clk
00:17:25]} {[%emt 00:00:28]} 55. a6 {[%clk 00:20:48]} {[%emt 00:01:56]} Kxe2
{[%clk 00:15:21]} {[%emt 00:02:34]} 56. a7 {[%clk 00:21:00]} {[%emt 00:00:18]}
d4 {[%clk 00:15:05]} {[%emt 00:00:46]} 57. a8=Q {[%clk 00:21:03]} {[%emt
00:00:26]} d3 {[%clk 00:15:05]} {[%emt 00:00:30]} 58. Qg2+ {[%clk 00:18:36]}
{[%emt 00:02:57]} Ke1 {[%clk 00:13:18]} {[%emt 00:02:17]} 59. Qh1+ {[%clk
00:18:35]} {[%emt 00:00:30]} Ke2 {[%clk 00:12:55]} {[%emt 00:00:54]} 60. Qxh4
{[%clk 00:18:26]} {[%emt 00:00:39]} d2 {[%clk 00:13:10]} {[%emt 00:00:15]} 61.
Qe7+ {[%clk 00:18:40]} {[%emt 00:00:12]} Kf3 {[%clk 00:12:29]} {[%emt
00:01:13]} 62. Qd6 {[%clk 00:18:36]} {[%emt 00:00:36]} Ke2 {[%clk 00:12:45]}
{[%emt 00:00:14]} 63. Qe5+ {[%clk 00:18:55]} {[%emt 00:00:10]} Kd1 {[%clk
00:12:30]} {[%emt 00:00:46]} 64. Qxf5 {[%clk 00:19:19]} {[%emt 00:00:07]} Kc1
{[%clk 00:12:49]} {[%emt 00:00:11]} 65. Qc5+ {[%clk 00:19:45]} {[%emt
00:00:03]} Kb2 {[%clk 00:12:37]} {[%emt 00:00:40]} 66. Qd4+ {[%clk 00:20:09]}
{[%emt 00:00:06]} Kc2 {[%clk 00:12:58]} {[%emt 00:00:11]} 67. Qc4+ {[%clk
00:20:34]} {[%emt 00:00:05]} Kb2 {[%clk 00:12:49]} {[%emt 00:00:40]} 68. Qd3
{[%clk 00:20:58]} {[%emt 00:00:04]} Kc1 {[%clk 00:13:15]} {[%emt 00:00:06]} 69.
Qc3+ {[%clk 00:21:24]} {[%emt 00:00:03]} Kd1 {[%clk 00:13:27]} {[%emt
00:00:17]} 70. Kc5 {[%clk 00:21:13]} {[%emt 00:00:39]} Ke2 {[%clk 00:13:52]}
{[%emt 00:00:08]} 71. Qe5+ {[%clk 00:21:35]} {[%emt 00:00:08]} Kd3 {[%clk
00:11:51]} {[%emt 00:02:32]} 72. Qd4+ {[%clk 00:21:26]} {[%emt 00:00:36]} Kc2
{[%clk 00:10:56]} {[%emt 00:01:28]} 73. Qc4+ {[%clk 00:21:19]} {[%emt
00:00:37]} Kd1 {[%clk 00:11:03]} {[%emt 00:00:23]} 74. Qd3 {[%clk 00:21:05]}
{[%emt 00:00:41]} Kc1 {[%clk 00:11:02]} {[%emt 00:00:34]} 75. Qc3+ {[%clk
00:21:25]} {[%emt 00:00:05]} Kd1 {[%clk 00:11:27]} {[%emt 00:00:11]} 76. Kd4
{[%clk 00:21:40]} {[%emt 00:00:15]} Ke1 {[%clk 00:11:49]} {[%emt 00:00:07]} 77.
Qe3+ {[%clk 00:22:04]} {[%emt 00:00:04]} 1-0